1000 महाभारत प्रश्नोत्तरी / (Record no. 118194)

MARC details
000 -LEADER
fixed length control field 01174nam a22002777a 4500
003 - CONTROL NUMBER IDENTIFIER
control field dpl
005 - DATE AND TIME OF LATEST TRANSACTION
control field 20170124103107.0
008 - FIXED-LENGTH DATA ELEMENTS--GENERAL INFORMATION
fixed length control field 161129b xxu||||| |||| 00| 0 eng d
010 ## - LIBRARY OF CONGRESS CONTROL NUMBER
LC control number B-082780
020 ## - INTERNATIONAL STANDARD BOOK NUMBER
Terms of availability 150.00
International Standard Book Number 8177210416
035 ## - SYSTEM CONTROL NUMBER
System control number B-082780
037 ## - SOURCE OF ACQUISITION
Source of stock number/acquisition Cen Lib/Ret
040 ## - CATALOGING SOURCE
Original cataloging agency DPL
Language of cataloging HN
Transcribing agency tit
082 ## - DEWEY DECIMAL CLASSIFICATION NUMBER
Classification number 230.1
Item number राजेंद्र
100 ## - MAIN ENTRY--PERSONAL NAME
Personal name राजेंद्र प्रताप सिंह
9 (RLIN) 197
245 ## - TITLE STATEMENT
Title 1000 महाभारत प्रश्नोत्तरी /
Statement of responsibility, etc राजेंद्र प्रताप सिंह
246 ## - VARYING FORM OF TITLE
Title proper/short title 1000 mahabharat prashnottari /
Remainder of title by Rajendra Pratap Singh
260 ## - PUBLICATION, DISTRIBUTION, ETC. (IMPRINT)
Place of publication, distribution, etc दिल्ली
Name of publisher, distributor, etc सत्साहित्य प्रकाशन
Date of publication, distribution, etc 2003
270 ## - ADDRESS
Address 205-बी, चावड़ी बाजार
City दिल्ली
Postal code 110006
300 ## - PHYSICAL DESCRIPTION
Extent 163पृ.
Dimensions 20सेमी(सजिल्द)
650 ## - SUBJECT ADDED ENTRY--TOPICAL TERM
Topical term or geographic name as entry element हिन्दू धर्म
9 (RLIN) 1413
650 ## - SUBJECT ADDED ENTRY--TOPICAL TERM
Topical term or geographic name as entry element महाभारत -- प्रश्न
9 (RLIN) 239
650 ## - SUBJECT ADDED ENTRY--TOPICAL TERM
Topical term or geographic name as entry element Hindu religion
9 (RLIN) 78789
650 ## - SUBJECT ADDED ENTRY--TOPICAL TERM
Topical term or geographic name as entry element Mahabharata - question
9 (RLIN) 78790
942 ## - ADDED ENTRY ELEMENTS (KOHA)
Source of classification or shelving scheme Dewey Decimal Classification
Koha item type Hindi Books
Classification part 230.1
Call number suffix राजेंद्र
Holdings
Withdrawn status Lost status Damaged status Not for loan Home library Current library Date acquired Source of acquisition Cost, normal purchase price Total Checkouts Full call number Barcode Date last seen Copy number Cost, replacement price Price effective from Koha item type Source of classification or shelving scheme Date checked out
        Central Library Central Library 10/09/2015 Cen Lib/Ret 150.00   230.1 राजेंद्र B-082780 10/09/2015 1 150.00 10/09/2015 Hindi Books    
        Central Library Central Library 24/10/2016 Cen Lib/Ret 150.00 5 230.1 राजेंद्र B-104879 04/11/2019 2 150.00 24/10/2016 Hindi Books Dewey Decimal Classification 21/10/2019

© Delhi Public Library
Hit Counter
free hit counter